| Tag |
First Indicator |
Second Indicator |
Subfields |
| LEADER |
00000cam a22000001 4500 |
| 001 |
in00000030227 |
| 005 |
20160129094653.0 |
| 008 |
780321m19319999enkaef 00010 eng |
| 010 |
|
|
|a 32017288
|
| 035 |
|
|
|a (OCoLC)03698804
|
| 035 |
|
|
|9 AAC0391AM
|
| 040 |
|
|
|a DLC
|c YUS
|d m.c.
|d TXA
|d UtOrBLW
|
| 043 |
|
|
|a f-us---
|
| 049 |
|
|
|a TXAM
|v 1 [A11689610]
|v 2 [A11689628]
|v 3 [A11689636]
|v 4 [A11689644]
|v 5 [A11689652]
|
| 050 |
0 |
0 |
|a DT57
|b .E5 vol. 53
|
| 050 |
|
4 |
|a DT57
|b .E5 v.53-56, etc.
|
| 100 |
1 |
|
|a Petrie, W. M. Flinders
|q (William Matthew Flinders),
|d 1853-1942.
|
| 245 |
1 |
0 |
|a Ancient Gaza /
|c by Flinders Petrie, kt.
|
| 264 |
|
1 |
|a London :
|b British school of archaeology in Egypt [etc.],
|c 1931-
|
| 300 |
|
|
|a volumes :
|b frontispiece, illustrations, plates, plans (part folded) tables. ;
|c 32 cm.
|
| 336 |
|
|
|a text
|b txt
|2 rdacontent
|
| 337 |
|
|
|a unmediated
|b n
|2 rdamedia
|
| 338 |
|
|
|a volume
|b nc
|2 rdacarrier
|
| 490 |
1 |
|
|a [Publications of the Egyptian Research Account and British School of Archaeology in Egypt ;
|v no. 53-56, 64
|
| 500 |
|
|
|a "Aided in this year [the winter of 1930-31] by New York university." volume 1, p. iii.
|
| 500 |
|
|
|a Volume 5 has title: City of shepherd kings and Ancient Gaza V by Ernest J. Mackay and Margaret A. Murray.
|
| 536 |
|
|
|a From the Library of George F. Bass.
|
| 651 |
|
0 |
|a Gaza.
|
| 710 |
2 |
|
|a New York University.
|
| 740 |
0 |
|
|a City of shepherd kings.
|
| 830 |
|
0 |
|a Publications of the Egyptian Research Account and British School of Archaeology in Egypt ;
|v no. 53-56.
|
| 830 |
|
0 |
|a Publications of the Egyptian Research Account and British School of Archaeology in Egypt ;
|v no. 64.
|
| 999 |
|
|
|a MARS
|
| 999 |
f |
f |
|s b41beaa2-fe3a-3329-8fe6-b5e7be5b8b24
|i 68d0bf68-0720-3dcf-a91f-09f2fa239035
|t 0
|
| 952 |
f |
f |
|p normal
|a Texas A&M University
|b College Station
|c Sterling C. Evans Library
|d Evans: Library Stacks
|t 0
|e DT57 .E5 v.53, etc.
|h Library of Congress classification
|i unmediated -- volume
|k v.2=v.54
|m A14811689628
|
| 952 |
f |
f |
|p normal
|a Texas A&M University
|b College Station
|c Sterling C. Evans Library
|d Evans: Library Stacks
|t 0
|e DT57 .E5 v.53, etc.
|h Library of Congress classification
|i unmediated -- volume
|k v.4=v.56
|m A14811689644
|
| 952 |
f |
f |
|p normal
|a Texas A&M University
|b College Station
|c Sterling C. Evans Library
|d Evans: Library Stacks
|t 0
|e DT57 .E5 v.53, etc.
|h Library of Congress classification
|i unmediated -- volume
|k v.5=v.64
|m A14811689652
|
| 952 |
f |
f |
|p noncirc
|a Texas A&M University
|b College Station
|c Sterling C. Evans Library
|d Bodrum (located in Turkey)
|t 0
|e DT57 .E5 v.53-56, etc.
|h Library of Congress classification
|i unmediated -- volume
|k v.4=v.56
|
| 952 |
f |
f |
|p normal
|a Texas A&M University
|b College Station
|c Sterling C. Evans Library
|d Evans: Library Stacks
|t 0
|e DT57 .E5 v.53, etc.
|h Library of Congress classification
|i unmediated -- volume
|k v.1=v.53
|m A14811689610
|
| 952 |
f |
f |
|p noncirc
|a Texas A&M University
|b College Station
|c Sterling C. Evans Library
|d Bodrum (located in Turkey)
|t 0
|e DT57 .E5 v.53-56, etc.
|h Library of Congress classification
|i unmediated -- volume
|k v.1=v.53
|
| 952 |
f |
f |
|p noncirc
|a Texas A&M University
|b College Station
|c Sterling C. Evans Library
|d Bodrum (located in Turkey)
|t 0
|e DT57 .E5 v.53-56, etc.
|h Library of Congress classification
|i unmediated -- volume
|k v.2=v.54
|
| 952 |
f |
f |
|p noncirc
|a Texas A&M University
|b College Station
|c Sterling C. Evans Library
|d Bodrum (located in Turkey)
|t 0
|e DT57 .E5 v.53-56, etc.
|h Library of Congress classification
|i unmediated -- volume
|k v.5=v.64
|
| 952 |
f |
f |
|p normal
|a Texas A&M University
|b College Station
|c Sterling C. Evans Library
|d Evans: Library Stacks
|t 0
|e DT57 .E5 v.53, etc.
|h Library of Congress classification
|i unmediated -- volume
|k v.3=v.55
|m A14811689636
|
| 998 |
f |
f |
|a DT57 .E5 v.53-56, etc.
|s v.5=v.64
|t 0
|l Bodrum (located in Turkey)
|
| 998 |
f |
f |
|a DT57 .E5 v.53, etc.
|s v.5, DT57.E5 v.64
|t 0
|l Evans: Library Stacks
|